000 nam a22 a 4500
999 _c174522
_d174522
003 BLK
005 20220223085249.0
008 180411b bul|||||r ||||||| ||bul||
040 _aBLK
041 _aBUL
_cBUL
080 _aНемска литература
_b821.112.2
_x-32
_z821.112.2-32
100 1 _aФюман, Франц
_eпърви автор
_9135285
139 _aФюман, Франц
_bФ 99
245 1 0 _aДругари
_bНовела
_cФранц Фюман; прев. от нем. Христина Николова; худож. Константин Атанасов Джидров.
257 _aDEU
260 _bНар. младеж
_c1963
_aСофия
300 _a52 с.
_bс ил.
_c22 см
380 _aX
500 _a10 100 тир.
700 1 _aНиколова, Христина
_eпрев. от нем.
_9383132
700 1 _aДжидров, Константин Атанасов
_eхудож.
_9339789
852 _aЦб 25067
_bЦб
856 4 _qpdf
856 4 _qpdf
942 _cKNG
_n0
_s1
944 _aCR
_c30.09.2015
_kКина_Георгиева
944 _aED
_c25.09.2017
_kВася_Ганчева
944 _aED
_c2022-02-23
_kСТ
999 _d174522